La muerte le sienta bien a Villalobos /
Guardat en:
| Autor principal: | |
|---|---|
| Format: | Llibre |
| Idioma: | espanyol |
| Publicat: |
Barcelona, España :
Destino,
1955, c1955
|
| Col·lecció: | (Ancora y Delfín ;
106) |
| Matèries: | |
| Etiquetes: |
Sense etiquetes, Sigues el primer a etiquetar aquest registre!
|
MARC
| LEADER | 00000nam^a2200000^a^4500 | ||
|---|---|---|---|
| 001 | 000304591 | ||
| 005 | 20250521000000.0 | ||
| 009 | 20260310112722.244 | ||
| 037 | |a Acervo Xavier Clavigero | ||
| 041 | |a ESP | ||
| 082 | |a 863. |b ALC | ||
| 100 | |a Alcántara, Francisco José |e (autor) | ||
| 245 | 1 | 3 | |a La muerte le sienta bien a Villalobos / |c F.J. Alcántara. |
| 264 | 4 | |a Barcelona, España : |b Destino, |c 1955, c1955 | |
| 300 | |a 267 p. | ||
| 336 | |a texto |b txt |2 rdacontenido | ||
| 337 | |a sin mediación |b n |2 rdamedio | ||
| 338 | |a volumen |b nc |2 rdasoporte | ||
| 440 | 1 | |a (Ancora y Delfín ; |v 106) | |
| 545 | 0 | |a Francisco José Alcántara (Haro, 1922 – A Coruña, 1999), escritor y traductor español, galardonado con el Premio Nadal 1954 por La muerte le sienta bien a Villalobos (1955), su única novela. Ingresó a la Compañía de Jesús y cumplió tareas misionales en Caracas, Venezuela y Bogotá, Colombia. Tras abandonar la orden, estudió Humanidades Greco-Latinas en Zaragoza y Barcelona, al tiempo que ejercía como corresponsal de prensa. Más tarde, se desempeñó como profesor en un colegio de A Coruña. Traductor al español de obras de Dante Alighieri, Giovanni Boccaccio, Ludovico Ariosto, Italo Svevo y Alberto Moravia, entre otros reconocidos autores de lengua italiana. La vida de Mahoma, biografía escrita por el rumano Constantin Virgil Gheorghiu, varios volúmenes de la Historia de la Iglesia de Cristo, del francés Daniel-Rops, y un gran número de entregas de la colección Clásicos del Arte forman parte de sus traducciones de obras no literarias. | |
| 586 | |a Premio Nadal 1954 | ||
| 649 | |a XX | ||
| 650 | |a Novela Española | ||
| 650 | |a Literatura Española - |y Siglo XX | ||
| 910 | |a Fondo General | ||
| 920 | |a Impresos - Libros | ||
| 930 | |a Colección General | ||
| 940 | |a Literatura | ||
| 905 | |a 101 | ||
| 901 | |a 034253 |b IT1 |c LIT |u 20250521 | ||
| 902 | |a https://opac.biblio.iteso.mx/vufind/Record/000304591 | ||